000 01332cam a2200397 4500
001 B2271
008 090401t1988 xxu||||| |||| 00| 0 eng d
035 _a(Sirsi) u97171
041 _aeng
050 _a333.33
090 _aRICS 1988/59 A
110 _aRoyal Institution of Chartered Surveyors
_bGeneral Practice Division
_92890
245 4 _aThe members` conference 13-15 October 1988, Metropole Hotel, National Exhibition Centre, Birmingham
260 _c1988
300 _a10 papers ; 30cm.
350 _a0
520 _aPapers by Beaman, M., Bowerman, F., Bradley, J., Dargy, A., Deas, A., Forbes, R. , Green, D., Holt, B., Pawley, R., Wilson, P. Bound with other conference papers received.
650 _aANNUAL CONFERENCE 1988
650 _aMANAGEMENT-DISPUTE AVOIDANCE, MANAGEMENT AND RESOLUTION-DISPUTE MANAGEMENT AND RESOLUTION-ARBITRATION
650 _aASSETS
650 _aESTATE AGENCY
650 _aLIABILITY
650 _aLOCAL AUTHORITIES
650 _aNEGLIGENCE
650 _aNON-DOMESTIC RATES
650 _aPRIVATE HOUSING
650 _aProperty management
_96262
650 _aRATES AND RATING
650 _aRENT REVIEWS
650 _aRESIDENTIAL AGENCY
650 _aREVALUATION
650 _aSURVEYORS
650 _aValuation
_96273
942 _n0
948 _c04/03/1997
999 _c98797
_d98797